00369 2200145 4500001002100000005001500021035002000036245006800056100002300124300001200147260003000159082000800189084001400197990001200211INLIS00000000000165620250429090128 a0010-04250000721 aIntisari Ajaran Syekh Abdul Qadir Jailani /cSyekh Abdul Mughni0 aSyekh Abdul Mughni a224 hlm aSurabaya :bPustaka Media a297 a297 SYE i a0754682